Direito Humano ao Meio Ambiente: (Record no. 7515)
[ view plain ]
| 000 -LEADER | |
|---|---|
| fixed length control field | 00616cam a22001814a 4500 |
| 003 - CONTROL NUMBER IDENTIFIER | |
| control field | TZ-ArACH |
| 005 - DATE AND TIME OF LATEST TRANSACTION | |
| control field | 20250530142947.0 |
| 020 ## - INTERNATIONAL STANDARD BOOK NUMBER | |
| International Standard Book Number | 9798633475272 |
| 050 00 - LIBRARY OF CONGRESS CALL NUMBER | |
| Classification number | K3585 |
| Item number | .A32 2020 |
| 100 1# - MAIN ENTRY--PERSONAL NAME | |
| Personal name | Araujo, Elizabete Cristina Rabelo de. |
| 245 10 - TITLE STATEMENT | |
| Title | Direito Humano ao Meio Ambiente: |
| Remainder of title | um direito de terceira dimensão compreendido à luz dos princípios / |
| Statement of responsibility, etc | Elizabete Cristina Rabelo de Araujo. |
| 260 ## - PUBLICATION, DISTRIBUTION, ETC. (IMPRINT) | |
| Place of publication, distribution, etc | Carauru (Brazil) : |
| Name of publisher, distributor, etc | Independently Pubished, |
| Date of publication, distribution, etc | 2020. |
| 300 ## - PHYSICAL DESCRIPTION | |
| Extent | 45 p. ; |
| Dimensions | 26 cm. |
| 504 ## - BIBLIOGRAPHY, ETC. NOTE | |
| Bibliography, etc | References |
| 650 #0 - SUBJECT ADDED ENTRY--TOPICAL TERM | |
| Topical term or geographic name as entry element | Human rights |
| General subdivision | Environment |
| 650 #0 - SUBJECT ADDED ENTRY--TOPICAL TERM | |
| Topical term or geographic name as entry element | Human rights |
| Form subdivision | Principles. |
| 942 ## - ADDED ENTRY ELEMENTS (KOHA) | |
| Source of classification or shelving scheme | Library of Congress Classification |
| Koha item type | Books |
| Home library | Current library | Date acquired | Full call number | Barcode | Koha item type |
|---|---|---|---|---|---|
| African Court on Human and Peoples' Rights Library | African Court on Human and Peoples' Rights Library | 30/05/2025 | K3585 .A32 2020 | 10037616 | Books |
